000 00330nam a22001457a 4500
008 231012b ||||| |||| 00| 0 eng d
020 _a9780750302098
041 _aeng
080 _a521
082 _a521WHI
100 _a19
101 _aASTRO
245 _aDUST IN THE GALACTIC ENVIRONMENT
_cWHITTET.B C D
942 _2udc
_cBK
999 _c60443
_d60443